| 000 | 00342nam a22001457a 4500 | ||
|---|---|---|---|
| 003 | SGT | ||
| 020 | _a978-81-224-3623-5 | ||
| 082 |
_a001.42 _bKOT |
||
| 100 | _aKOTHARI,C.R | ||
| 245 | _aRESEARCH METHODOLOGY :METHODS AND TECHNIQUES | ||
| 250 | _a3RD | ||
| 260 |
_aNEW DELHI _bNEW AGE INTERNATIONAL _c2014 |
||
| 300 | _a449 | ||
| 942 |
_2ddc _cBK |
||
| 999 |
_c14220 _d14220 |
||